Ereignisse vom 25. Januar - Statistiken

Allgemein
  • Dieses Quiz wurde 14 mal gespielt
  • Das Durchschnittsergebnis liegt bei 5 aus 10
Antwortstatistiken
Jahr Ereignis Antwort % Korrekt
1949 Diese Landesrundfunkanstalt entsteht durch die Übergabe des Senders Radio München in deutsche Hände Bayrischer Rundfunk
93%
2006 Diese Terroreinheit gewinnt die Wahl zum Legislativrat in Palästina Hamas
64%
2011 Im Rahmen dieser Serie von Aufständen und Revolutionen begannen Massenproteste gegen den Präsidenten Husni Mubarak in Ägypten Arabischer Frühling
57%
1915 Die Versorgung mit diesem Lebensmittel wird in Deutschland rationiert Brot
57%
1956 Die UdSSR beendet den Kriegszustand mit diesem Land Deutschland
50%
1554 Der Jesuitenpater José de Anchieta gründet diese brasilianische Stadt, um ein Jesuitenkloster zu bauen São Paulo
50%
1985 Der deutsche Bundestag spricht allen Gerichtsurteilen des Volksgerichtshofs aus dieser Zeit die Rechtswirkung ab Drittes Reich
43%
2004 Die Rosenrevolution in diesem Land endet mit der Ernennung des Präsidenten Micheil Saakaschwili Georgien
36%
1915 Die Regierung dieses Landes wird von konservativen Offizieren gestürzt und Joaquim Pimenta de Castro führt die Diktatur der Schwerter ein Portugal
14%
1980 Dieser iranische Präsident ist der erste nach der Islamischen Revolution Abolhassan Banisadr
7%
Keine übereinstimmenden Quizze gefunden
Verteilung der Resultate
Anzahl Personen mit jedem Resultat
Perzentil nach korrekt beantworteten Fragen
Ihre Resultats-Entwicklung
Sie haben dieses Quiz noch nicht gespielt